000 00515nam a22001817a 4500
999 _c188018
_d188018
005 20220506171429.0
010 _aENG-132547
020 _a9789381383032
_c400.00
035 _aEN-116079
037 _bDBAD/PUB
082 _a158.1
100 _aLakhotia, Subhash
245 _aSecrets of Super Success/
_cSubhash Lakhotia
260 _aUttar Pradesh
_bAnkur Publications
_c2011
270 _a231, Sec 15A, Noida
_bNoida
_e110032
300 _a170p.
_c22cm(hbk)
942 _2ddc
_cEN
_h158.1
_mLAK